00257nam a22000857a 4500020001800000040000700018110000800025245011100033260002700144 a9789251059081 cSP aFAO aWild birds and avian influenza : an introduction to applied field research and disease sampling techniques aPhil HarrisbFAOc2007